000 00604nam a2200193 a 4500
001 82804
003 BD-RjUL
005 20240128094410.0
008 240128s1999 p ||||| |||| 00| p urd d
035 _a(BD-RjUL)82804
040 _aBD-RjUL
_beng
_cBD-RjUL
041 _aurd
082 _223
_a891.4391
_bSAK 1999
245 _aکرن کرن روشنی ;;Kiran Kiran Roshni /
_cعلیم النساء ثناء ;; Aleem Nisa Sana
260 _aHind ; NewDelhi :
_bانجمن ترقی اردو , ;; Anjuman Development Urdu ,
_c1999
300 _a112 p. ;
_c23 cm
650 _aUrdu Poetry
942 _2ddc
_cBK
999 _c82804
_d82804